Vista normal
Vista MARC
- Fundacion General Mediterranea
Entrada Nombre corporativo
Número de registros utilizados en: 1
001 - NÚMERO DE CONTROL
- campo de control: 1280
003 - IDENTIFICADOR DEL NÚMERO DE CONTROL
- campo de control: ES-MaFIAP
005 - FECHA Y HORA DE LA ÚLTIMA TRANSACCIÓN
- campo de control: 20231016111720.0
008 - DATOS DE LONGITUD FIJA
- campo de control de longitud fija: 231016|| aca||aabn | a|a d
040 ## - FUENTE DE LA CATALOGACIÓN
- Centro catalogador/agencia de origen: ES-MaFIAP
- Centro/agencia transcriptor: ES-MaFIAP
110 ## - ENCABEZAMIENTO-NOMBRE DE ENTIDAD CORPORATIVA
- Nombre de entidad corporativa o nombre de jurisdicción como elemento de entrada: Fundacion General Mediterranea
- Unidad subordinada: Patronato de Educación y Atención de Deficientes
670 ## - FUENTE DE DATOS ENCONTRADOS
- Cita de la fuente: Work cat.: (ES-MaFIAP)333: Fundacion General Mediterranea Patronato de Educación y Atención de Deficientes, Plan Nacional de Prevención de la Subnormalidad, 1978





